Land and soil controls over the spatial distribution and productivity of rubber (Hevea brasiliensis) in Southern India (Record no. 53157)

MARC details
000 -LEADER
fixed length control field 00543nam a2200157Ia 4500
100 ## - MAIN ENTRY--AUTHOR NAME
Personal name Nair N U
245 #0 - TITLE STATEMENT
Title Land and soil controls over the spatial distribution and productivity of rubber (Hevea brasiliensis) in Southern India
260 ## - PUBLICATION, DISTRIBUTION, ETC. (IMPRINT)
Name of publisher 19th World Congress of Soil Science, Soil Solutions for a Changing World, 1-6 August 2010, Brisbane, Australia
700 ## - ADDED ENTRY--PERSONAL NAME
Personal name Chandy B
700 ## - ADDED ENTRY--PERSONAL NAME
Personal name Meti S
700 ## - ADDED ENTRY--PERSONAL NAME
Personal name Naidu L G K
700 ## - ADDED ENTRY--PERSONAL NAME
Personal name Nair K M
700 ## - ADDED ENTRY--PERSONAL NAME
Personal name Rao D V K N
942 ## - ADDED ENTRY ELEMENTS (KOHA)
Koha item type Bibliography STAF
Holdings
Withdrawn status Lost status Damaged status Not for loan Home library Current library Date acquired Koha item type
      Bibliography RRII Library RRII Library 09/04/2014 Bibliography STAF